Current diagnosis & treatment : (Record no. 288)

000 -LEADER
fixed length control field 02903nam a22004457a 4500
001 - CONTROL NUMBER
control field 959876721
003 - CONTROL NUMBER IDENTIFIER
control field OCoLC
005 - DATE AND TIME OF LATEST TRANSACTION
control field 20241110164448.0
006 - FIXED-LENGTH DATA ELEMENTS--ADDITIONAL MATERIAL CHARACTERISTICS
fixed length control field m o d
007 - PHYSICAL DESCRIPTION FIXED FIELD--GENERAL INFORMATION
fixed length control field cr cn|||||||||
008 - FIXED-LENGTH DATA ELEMENTS--GENERAL INFORMATION
fixed length control field 161005s2017 nyua ob 000 0 eng d
020 ## - INTERNATIONAL STANDARD BOOK NUMBER
International Standard Book Number 0071840613
020 ## - INTERNATIONAL STANDARD BOOK NUMBER
International Standard Book Number 9780071840613
035 ## - SYSTEM CONTROL NUMBER
System control number (OCoLC)959876721
040 ## - CATALOGING SOURCE
Original cataloging agency YDX
Language of cataloging eng
Description conventions rda
Transcribing agency YDX
Modifying agency BTCTA
-- INM
-- OCLCO
041 ## - LANGUAGE CODE
Language code of text/sound track or separate title eng
080 ## - UNIVERSAL DECIMAL CLASSIFICATION NUMBER
Universal Decimal Classification number 61
Item number C-95
100 ## - MAIN ENTRY--PERSONAL NAME
9 (RLIN) 172
Personal name Stone, C. Keith
Relator term Editor
245 00 - TITLE STATEMENT
Title Current diagnosis & treatment :
Remainder of title Emergency medicine /
Statement of responsibility, etc. [edited by] C. Keith Stone, Roger L. Humphries.
246 33 - VARYING FORM OF TITLE
Title proper/short title Current diagnosis and treatment.
Name of part/section of a work Emergency medicine.
250 ## - EDITION STATEMENT
Edition statement 8th ed.
260 ## - PUBLICATION, DISTRIBUTION, ETC.
Place of publication, distribution, etc. New York :
Name of publisher, distributor, etc. McGraw-Hill Education,
Date of publication, distribution, etc. 2017
300 ## - PHYSICAL DESCRIPTION
Extent 1055 p.
Other physical details illustrations (some color)
365 ## - TRADE PRICE
Price amount 9.64 usd
500 ## - GENERAL NOTE
General note Description based on online version.
504 ## - BIBLIOGRAPHY, ETC. NOTE
Bibliography, etc. note Includes bibliographical references.
505 0# - FORMATTED CONTENTS NOTE
Formatted contents note I. Special Aspects of Emergency Medicine: Approach to the Emergency Department Patient ; Prehospital Emergency Medical Services ; Nuclear, Biologic, & Chemical Agents, Weapons of Mass Destruction ; Disaster Medicine ; Legal Aspects of Emergency Care ; Emergency Bedside Ultrasound ; Emergency Procedures ; Procedural Sedation and Analgesia -- II. Management of Common Emergency Problems: Basic & Advanced Cardiac Life Support ; Compromised Airway ; Shock ; The Multiply Injured Patient ; Respiratory Distress ; Chest Pain ; Abdominal Pain ; Gastrointestinal Bleeding ; Coma ; Syncope ; Seizures ; Headache ; Arthritis & Back Pain -- III. Trauma Emergencies: Head Injuries ; Maxillofacial & Neck Trauma ; Chest Trauma ; Abdominal Trauma ; Genitourinary Trauma ; Vertebral Column & Spinal Cord Trauma ; Orthopedic Emergencies ; Hand Trauma ; Wound Care -- IV. Nontrauma Emergencies: Eye Emergencies ; Emergency Disorders of the Ear, Nose, Sinuses, Oropharynx, & Mouth ; Pulmonary Emergencies ; Cardiac Emergencies ; Cardiac Arrhythmias ; Gastrointestinal Emergencies ; Neurologic Emergencies ; Obstetric and Gynecologic Emergencies and Sexual Assault ; Genitourinary Emergencies ; Vascular Emergencies ; Hematologic Emergencies ; Infectious Disease Emergencies ; Metabolic & Endocrine Emergencies ; Fluid, Electrolyte, & Acid-Base Emergencies ; Burns & Smoke Inhalation ; Disorders Due to Physical & Environmental Agents ; Poisoning ; Dermatologic Emergencies ; Psychiatric Emergencies ; Pediatric Emergencies.
590 ## - LOCAL NOTE (RLIN)
Local note c.1 10071362 Ritt 7/19/17 $90.00.
650 #2 - SUBJECT ADDED ENTRY--TOPICAL TERM
Topical term or geographic name entry element Emergencies.
650 #2 - SUBJECT ADDED ENTRY--TOPICAL TERM
Topical term or geographic name entry element Emergency Medicine
General subdivision methods.
650 #2 - SUBJECT ADDED ENTRY--TOPICAL TERM
Topical term or geographic name entry element Diagnosis.
650 #0 - SUBJECT ADDED ENTRY--TOPICAL TERM
Topical term or geographic name entry element Medicine
9 (RLIN) 69
650 #2 - SUBJECT ADDED ENTRY--TOPICAL TERM
Topical term or geographic name entry element Therapeutics.
653 ## - INDEX TERM--UNCONTROLLED
Uncontrolled term მედიცინა
653 ## - INDEX TERM--UNCONTROLLED
Uncontrolled term გადაუდებელი მედიცინა
653 ## - INDEX TERM--UNCONTROLLED
Uncontrolled term თერაპია
700 1# - ADDED ENTRY--PERSONAL NAME
Personal name Stone, C. Keith.
700 1# - ADDED ENTRY--PERSONAL NAME
Personal name Humphries, Roger L.
942 ## - ADDED ENTRY ELEMENTS (KOHA)
Source of classification or shelving scheme
Koha item type Books
Edition 8
Holdings
Withdrawn status Lost status Source of classification or shelving scheme Damaged status Not for loan Permanent location Current location Date acquired Inventory number Total Checkouts Full call number Barcode Date last seen Price effective from Koha item type
          Ken Walker International University Ken Walker International University 11/20/2020 964   61 C-95 964 11/20/2020 11/20/2020 Books
          Ken Walker International University Ken Walker International University 11/20/2020 961   61 C-95 961 11/20/2020 11/20/2020 Books

Powered by Koha